[Event "CZE-ch U12 Girls"]
[Site "Kouty nad Desnou"]
[Date "2009.03.13"]
[Round "8"]
[White "Simcakova, Julie"]
[Black "Sukova, Eliska"]
[Result "1/2-1/2"]
[WhiteElo "1250"]
[BlackElo "1100"]
[PlyCount "61"]
[EventDate "2009.03.07"]
[EventType "swiss"]
[EventRounds "9"]
[EventCountry "CZE"]
[SourceTitle "EXT 2011"]
[Source "ChessBase"]
[SourceDate "2010.11.26"]
[SourceVersion "1"]
[SourceVersionDate "2010.11.26"]
[SourceQuality "1"]

1. e4 e5 2. Nf3 Nc6 3. Nc3 Bc5 4. Nxe5 d6 5. Nxc6 bxc6 6. d4 Bb6 7. Bc4 d5 8. exd5 cxd5 9. Bxd5 Rb8 10. Be3 Nf6 11. Bc4 0-0 12. 0-0 Bf5 13. Rc1 c6 14. Re1 Ba5 15. Rb1 Rb4 16. b3 Rb8 17. Bd2 Qxd4 18. Re3 Ng4 19. Rf3 Qe5 20. Bf4 Qc5 21. Bxb8 Bxc3 22. Bd6 Bxc2 23. Bxc5 Bxd1 24. Rxd1 Re8 25. Bxf7+ Kh8 26. Bxe8 h6 27. Rxc3 Nf6 28. Bxc6 g5 29. Bd4 Kg7 30. Bxf6+ Kxf6 31. Rd6+ 1/2-1/2

[Event "CZE-ch U12 Girls"]
[Site "Kouty nad Desnou"]
[Date "2009.03.09"]
[Round "3"]
[White "Pridalova, Tereza"]
[Black "Sukova, Eliska"]
[Result "1-0"]
[WhiteElo "1250"]
[BlackElo "1100"]
[PlyCount "101"]
[EventDate "2009.03.07"]
[EventType "swiss"]
[EventRounds "9"]
[EventCountry "CZE"]
[SourceTitle "EXT 2011"]
[Source "ChessBase"]
[SourceDate "2010.11.26"]
[SourceVersion "1"]
[SourceVersionDate "2010.11.26"]
[SourceQuality "1"]

1. e4 e5 2. Nf3 Nc6 3. d4 exd4 4. Nxd4 Bc5 5. Nb3 Bb6 6. a4 Qf6 7. Qe2 a6 8. Nc3 Nge7 9. g3 0-0 10. Bg2 Rd8 11. 0-0 d6 12. Bf4 Be6 13. Rad1 Nb4 14. Rd2 Nec6 15. Rfd1 Qe7 16. Kh1 Rd7 17. Nd5 Bxd5 18. exd5 Ne5 19. Re1 Re8 20. Kg1 f6 21. Bh3 Rdd8 22. Kf1 c6 23. Be6+ Kf8 24. Qh5 h6 25. Bxe5 dxe5 26. c4 cxd5 27. cxd5 Rd6 28. Red1 Red8 29. Qg6 a5 30. Qh7 Rxe6 31. dxe6 Qxe6 32. Rxd8+ Bxd8 33. Rxd8+ Ke7 34. Qh8 Qc4+ 35. Kg1 Ke6 36. Qg8+ Kf5 37. Qxc4 Nc6 38. Rg8 g6 39. g4+ Kg5 40. h4+ Kxh4 41. Rxg6 f5 42. gxf5+ Kh5 43. Qe6 Nd4 44. Rxh6+ Kg4 45. Qg6+ Kf4 46. Qg3+ Ke4 47. Qg4+ Kd3 48. f6 Nxb3 49. f7 Nd2 50. f8Q Kc2 51. Qc5+ 1-0

[Event "CZE-ch U12 Girls"]
[Site "Kouty nad Desnou"]
[Date "2009.03.07"]
[Round "1"]
[White "Creweova, Nicole"]
[Black "Sukova, Eliska"]
[Result "0-1"]
[WhiteElo "1250"]
[BlackElo "1100"]
[PlyCount "106"]
[EventDate "2009.03.07"]
[EventType "swiss"]
[EventRounds "9"]
[EventCountry "CZE"]
[SourceTitle "EXT 2011"]
[Source "ChessBase"]
[SourceDate "2010.11.26"]
[SourceVersion "1"]
[SourceVersionDate "2010.11.26"]
[SourceQuality "1"]

1. e4 e5 2. Nf3 Nc6 3. Nc3 Nf6 4. Bc4 Bb4 5. a3 Bc5 6. d3 0-0 7. b4 Bd6 8. Be3 b6 9. 0-0 Ng4 10. Ng5 Nxe3 11. fxe3 Qxg5 12. Qe2 Be7 13. Bd5 d6 14. b5 Na5 15. Bxa8 Bg4 16. Qf2 Rxa8 17. h3 Be6 18. Nd5 Bf6 19. Nxf6+ gxf6 20. Qxf6 Qxf6 21. Rxf6 Rb8 22. d4 Kg7 23. Raf1 Rf8 24. d5 Bd7 25. h4 Bxb5 26. R1f2 Be8 27. h5 h6 28. g4 Nc4 29. g5 hxg5 30. R2f3 Nd2 31. Rf2 Nxe4 32. Rg2 Nxf6 33. Rxg5+ Kh8 34. Rf5 Nxd5 35. h6 f6 36. e4 Ne3 37. Rf2 d5 38. exd5 Nxd5 39. c4 Nf4 40. Kh2 Rg8 41. Kh1 Bc6+ 42. Kh2 Rg2+ 43. Rxg2 Nxg2 44. Kh3 Kh7 45. Kg4 Kxh6 46. Kf5 e4 47. c5 bxc5 48. Kg4 e3 49. Kg3 e2 50. a4 e1Q+ 51. Kg4 Qe4+ 52. Kg3 Qf4+ 53. Kh3 c4 0-1